Visualizzazione normale
Vista MARC
- Esposito, Rosario
di Personal Name
Records bibliografici associati: 1
001 - CONTROL NUMBER
- control field: 104
003 - CONTROL NUMBER IDENTIFIER
- control field: IT-RoPau
005 - DATE AND TIME OF LATEST TRANSACTION
- control field: 20121221111702.0
008 - FIXED-LENGTH DATA ELEMENTS
- fixed length control field: 121221|| aca||aabn | a|a d
040 ## - CATALOGING SOURCE
- Original cataloging agency: IT-RoPau
- Transcribing agency: IT-RoPau
100 ## - HEADING--PERSONAL NAME
- Personal name: Esposito, Rosario
- Titles and other words associated with a name: ssp
670 ## - SOURCE DATA FOUND
- Source citation: Work cat.: (IT-RoPau): Esposito, Rosario ssp, La vocazione catechistica della Famiglia Paolina, 1968